The efficiency and effectiveness of municipally owned corporations: a systematic review (Record no. 116781)

000 -LEADER
fixed length control field 00488pab a2200169 454500
008 - FIXED-LENGTH DATA ELEMENTS--GENERAL INFORMATION
fixed length control field 180718b2017 xxu||||| |||| 00| 0 eng d
100 ## - MAIN ENTRY--PERSONAL NAME
Personal name Voorn, Bart
245 ## - TITLE STATEMENT
Title The efficiency and effectiveness of municipally owned corporations: a systematic review
260 ## - PUBLICATION, DISTRIBUTION, ETC.
Date of publication, distribution, etc. 2017
300 ## - PHYSICAL DESCRIPTION
Extent p.820-841.
362 ## - DATES OF PUBLICATION AND/OR SEQUENTIAL DESIGNATION
Dates of publication and/or sequential designation Oct
650 ## - SUBJECT ADDED ENTRY--TOPICAL TERM
Topical term or geographic name entry element Municipal corporations
700 ## - ADDED ENTRY--PERSONAL NAME
Personal name Thiel, Sandra van
700 ## - ADDED ENTRY--PERSONAL NAME
Personal name Genugten, Marieke L. van
773 ## - HOST ITEM ENTRY
Main entry heading Local Government Studies
909 ## -
-- 116787
Holdings
Withdrawn status Lost status Damaged status Not for loan Permanent Location Current Location Date acquired Serial Enumeration / chronology Barcode Date last seen Price effective from Koha item type
        Indian Institute of Public Administration Indian Institute of Public Administration 2018-07-19 Volume no: 43, Issue no: 5 AR117247 2018-07-19 2018-07-19 Articles

Powered by Koha